| 000 | 01016nam a2200265 a 4500 | ||
|---|---|---|---|
| 005 | 19900403133224.3 | ||
| 008 | 851206s1986 flua b 001 0 eng | ||
| 010 | _aENG-91636 | ||
| 020 |
_a9788120336698 _c395.00 |
||
| 035 | _aEN-75169 | ||
| 037 | _bDBAD / PUB | ||
| 040 |
_adpl _bEnglish |
||
| 082 | _a658.0072 | ||
| 100 | _aMcNabb, David E. | ||
| 245 |
_aResearch methods in public administration and nonprofit management: _cby David E. McNabb _bquantitative and qualitative approaches / |
||
| 250 | _a2nd ed | ||
| 260 |
_aNew Delhi _bPHI Learning _c2008 |
||
| 300 |
_axxx, 457p. _c24 cm. (pbk) |
||
| 500 | _aIncludes references and index | ||
| 504 | _a | ||
| 650 |
_aPublic administration _xResearch _xMethodology |
||
| 650 |
_aNonprofit organizations _xManagement |
||
| 942 |
_2ddc _cEN _mMCN _h658.0072 |
||
| 999 |
_c18637 _d18637 |
||